[Event "Vienna op 17th"]
[Site "Vienna"]
[Date "2011.08.18"]
[Round "6"]
[White "Weinzettl, Ernst"]
[Black "Naranjo Ortiz, Teudis"]
[Result "0-1"]
[WhiteElo "2335"]
[BlackElo "2242"]
[PlyCount "104"]
[EventDate "2011.08.13"]
[EventType "swiss"]
[EventRounds "9"]
[EventCountry "AUT"]
[SourceTitle "CBM 143 Extra"]
[Source "ChessBase"]
[SourceDate "2011.08.29"]
[SourceVersion "1"]
[SourceVersionDate "2011.08.29"]
[SourceQuality "1"]

1. e4 c5 2. Nf3 e6 3. d4 cxd4 4. Nxd4 a6 5. Nc3 b5 6. Bd3 Qb6 7. Be3 Bc5 8. Be2 Nc6 9. Nxc6 dxc6 10. Bxc5 Qxc5 11. Qd3 Ne7 12. 0-0-0 0-0 13. f4 a5 14. e5 Nd5 15. Ne4 Qe3+ 16. Qxe3 Nxe3 17. Rdg1 f6 18. exf6 gxf6 19. Re1 Nd5 20. Rhf1 Ra7 21. Nc5 Re7 22. Bd3 Nb4 23. a3 Nxd3+ 24. Nxd3 Rd8 25. b4 axb4 26. axb4 Rd4 27. Rf3 Bd7 28. c3 Rd6 29. Nc5 Kf7 30. Rh3 Kg7 31. Rhe3 Kf7 32. g4 Bc8 33. h3 Rd5 34. R3e2 e5 35. f5 Ra7 36. Kb2 Ke7 37. Rf1 h6 38. Kb3 Bd7 39. Ra2 Rxa2 40. Kxa2 Rd2+ 41. Kb3 Be8 42. c4 Bf7 43. Kc3 Bxc4 44. Re1 Rh2 45. Ra1 Rxh3+ 46. Kd2 Rh2+ 47. Ke3 Ra2 48. Rb1 Bd5 49. Kd3 Bf3 50. Rg1 Ra3+ 51. Kc2 Kd6 52. Kb2 Re3 0-1